Samajik samasya aru samajik kalyan (Record no. 8374)

MARC details
000 -LEADER
fixed length control field 00682cam a2200253ua 4500
001 - CONTROL NUMBER
control field 9319
005 - DATE AND TIME OF LATEST TRANSACTION
control field 20260515114443.0
008 - FIXED-LENGTH DATA ELEMENTS--GENERAL INFORMATION
fixed length control field 160613n ii |||gr||||Z||||||asm
020 ## - INTERNATIONAL STANDARD BOOK NUMBER
International Standard Book Number 9789382750192
040 ## - CATALOGING SOURCE
Transcribing agency MAIN
041 ## - LANGUAGE CODE
Language code of text/sound track or separate title asm
082 ## - DEWEY DECIMAL CLASSIFICATION NUMBER
Classification number 361.1
100 ## - MAIN ENTRY--PERSONAL NAME
Personal name Borgohain, Himanta,
Relator term Author.
245 ## - TITLE STATEMENT
Title Samajik samasya aru samajik kalyan
Statement of responsibility, etc. by Himanta Borgohain
250 ## - EDITION STATEMENT
Edition statement 1st.
260 ## - PUBLICATION, DISTRIBUTION, ETC.
Place of publication, distribution, etc. Dibr2ugarh:
Name of publisher, distributor, etc. Banalata,
Date of publication, distribution, etc. 2013.
300 ## - PHYSICAL DESCRIPTION
Extent 147p.
653 ## - INDEX TERM--UNCONTROLLED
Uncontrolled term Social problems & social welfare in general
653 ## - INDEX TERM--UNCONTROLLED
Uncontrolled term Social welfare
653 ## - INDEX TERM--UNCONTROLLED
Uncontrolled term Social problem
700 ## - ADDED ENTRY--PERSONAL NAME
Personal name Borah, Birinchi Kumar,
Relator term Author.
700 ## - ADDED ENTRY--PERSONAL NAME
Personal name Hazarika, Dhruba,
Relator term Author.
942 ## - ADDED ENTRY ELEMENTS (KOHA)
Koha item type Books
Holdings
Withdrawn status Lost status Damaged status Not for loan Home library Current library Shelving location Date acquired Total checkouts Full call number Barcode Date last seen Date last checked out Copy number Price effective from Koha item type
        Naharkatiya College Library Naharkatiya College Library General stacks 09/19/2020 9 361.1 | BOR 22362 11/02/2021 10/01/2021 1 09/19/2020 Books
        Naharkatiya College Library Naharkatiya College Library General stacks 09/19/2020 13 361.1 | BOR 22363 03/01/2022 02/11/2022 2 09/19/2020 Books